| 000 | 00734nam a2200205Ia 4500 | ||
|---|---|---|---|
| 003 | GCL | ||
| 008 | 140319s9999 xx 000 0 ara d | ||
| 040 |
_aGCL / _cGCL |
||
| 082 | 0 | 4 |
_a301.32 _bم م |
| 100 | 1 | _aسيد رمضان هدارة (مترجم) | |
| 245 | 1 | 0 |
_aماوراء الارقام : قراءات فى السكان والاستهلاك / _cسيد رمضان هدارة (مترجم) |
| 700 | 1 | _aمازور, لورى ان | |
| 700 | 1 | _aنادية حافظ(مترجم) | |
| 260 |
_a[S.N] : _bالجمعية المصرية لنشر المعرفة والثقافةوالعلوم ، _c1992 |
||
| 300 | _a247 ص | ||
| 490 | _a | ||
| 650 | 0 | 4 | _aالسكان |
| 650 | 0 | 4 | _aالبيئة والانسان |
| 942 |
_2ddc _cBK |
||
| 999 |
_c30619 _d30619 |
||